Préfixe se référent à un organe du corps - Statistiques

Statistiques générales
  • Ce quiz a été pris 95 fois
  • Le résultat moyen est 20 sur 39
Statistiques - réponses
Hint Réponse % Correct
hém(o)/hémat(o) sang
90%
pneum(o) poumon
89%
gastr(o) estomac
87%
hépath(o) foie
81%
stomat(o) bouche
80%
bucc(o) bouche
80%
nas(o)/rhin(o) nez
80%
ot(o)/auricul(o) oreille
80%
derma peau
80%
néphr(o) rein
80%
cardi(o) coeur
79%
bronch(o) bronche
76%
thorac(o) thorax
66%
neur(o) nerf
64%
méning(o) méninge
61%
entér(o) intestin
60%
my(o) muscle
57%
arthr(o) articulation
50%
phléb(o) veine
50%
hysté(o)/métr(o) Utérus
49%
hyr(o) utérus
49%
cyst(o) Vessie
49%
splén(o) rate
40%
vas(o) vaisseau
40%
angi(o) vaisseau
40%
Cervic(o) cou
39%
céphal(o) tête
39%
cyt(o) cellule
37%
adip(o) graisse
34%
rachi colonne vertébrale
33%
orchid(o) testicule
31%
cholécyst(o) vésicule biliaire
29%
myel(o) moelle
27%
chondr(o) cartilage
17%
cox(o) hanche
14%
salping(o) trompe
14%
lapar(o) abdomen
13%
cholé/chol(o) bile
13%
splanchn(o) viscère
4%
Aucun quiz correspondant
Distribution des résultats
% des personnes avec chaque résultat
Percentile par nombre de réponses
Votre historique - résultats
Vous n’avez pas pris ce quiz